| 000 | 00486nam a22001697a 4500 | ||
|---|---|---|---|
| 005 | 20251108172355.0 | ||
| 008 | 250721s1979 xx 000 0 ara d | ||
| 082 | 1 | 4 | _a961.2/مهر |
| 245 | 1 | 0 | _aمهرجان الشهيد عمر المختار / |
| 246 | 1 | 1 | _athe martyer omar al mukhtar fastival |
| 264 | 1 |
_aبنغازي : _bجامعة قاريونس، _c1979. |
|
| 300 | _a160ص؛مص | ||
| 650 | 1 | 7 | _aليبيا |
| 650 | 1 | 7 | _aالتاريخ |
| 942 |
_2ddc _cBK |
||
| 999 |
_c77605 _d77605 |
||